Sāmavedārṣeyadīpaḥ. (Record no. 87414)

MARC details
000 -LEADER
fixed length control field 00801cam a22002771 4500
001 - CONTROL NUMBER
control field sa 68016944
003 - CONTROL NUMBER IDENTIFIER
control field DLC
005 - DATE AND TIME OF LATEST TRANSACTION
control field 20260227112658.0
008 - FIXED-LENGTH DATA ELEMENTS--GENERAL INFORMATION
fixed length control field 890227s1967 xx 000 0 san
010 ## - LIBRARY OF CONGRESS CONTROL NUMBER
LC control number sa 68016944
035 ## - SYSTEM CONTROL NUMBER
System control number (OCoLC)23556962
040 ## - CATALOGING SOURCE
Original cataloging agency DLC
Transcribing agency MiU
Modifying agency DLC
041 0# - LANGUAGE CODE
Language code of text/sound track or separate title saneng
042 ## - AUTHENTICATION CODE
Authentication code premarc
050 00 - LIBRARY OF CONGRESS CALL NUMBER
Classification number PK875
Item number .B48
100 1# - MAIN ENTRY--PERSONAL NAME
Personal name Bhāskarādhvarīndra.
245 10 - TITLE STATEMENT
Title Sāmavedārṣeyadīpaḥ.
260 ## - PUBLICATION, DISTRIBUTION, ETC.
Date of publication, distribution, etc. 1967.
300 ## - PHYSICAL DESCRIPTION
Extent xvii, 202 p.
Dimensions 25 cm.
490 0# - SERIES STATEMENT
Series statement #,
Volume/sequential designation 7
500 ## - GENERAL NOTE
General note Added t. p.: Sāmavedārṣeya dīpa.
500 ## - GENERAL NOTE
General note In Sanskrit: introductory matter and notes in English.
504 ## - BIBLIOGRAPHY, ETC. NOTE
Bibliography, etc. note Includes bibliographical references.
650 #0 - SUBJECT ADDED ENTRY--TOPICAL TERM
Topical term or geographic name entry element Sanskrit language
General subdivision Metrics and rhythmics
700 1# - ADDED ENTRY--PERSONAL NAME
Personal name Sharma, Bellikoth Ramachandra,
Dates associated with a name 1912-
Relator term ed.

No items available.

Powered by Koha